Experientials Exercises In Canadian Personnel Administration, (Record no. 6125)

MARC details
005 - DATE AND TIME OF LATEST TRANSACTION
control field 20250628165135.0
082 ## - DEWEY DECIMAL CLASSIFICATION NUMBER
Classification number 658.3'0097 CRO.
100 ## - MAIN ENTRY--PERSONAL NAME
Author name CROCKER, L.O.
245 ## - TITLE STATEMENT
Title Experientials Exercises In Canadian Personnel Administration,
260 ## - PUBLICATION, DISTRIBUTION, ETC.
Place of publication, distribution, etc. Ottawa,
Name of publisher, distributor, etc. Canadian Cataloguing And Publication Data'
Date of publication, distribution, etc. 1986.
300 ## - PHYSICAL DESCRIPTION
Extent ix.; 527.; Ill.; picture,
Other physical details Index,
Dimensions 27cm.
942 ## - ADDED ENTRY ELEMENTS (KOHA)
Source of classification or shelving scheme Dewey Decimal Classification
Koha item type Books
Holdings
Date last seen Total checkouts Full call number Barcode Cost, replacement price Price effective from Koha item type Lost status Source of classification or shelving scheme Damaged status Not for loan Withdrawn status Home library Current library Shelving location Date acquired Cost, normal purchase price
06/28/2025   658.3'0097CRO DOM0003489 255000.00 06/28/2025 Books   Dewey Decimal Classification       CBE Dodoma CBE Dodoma General Collection 12/18/2009 85000.00